[Event "ICS rated bullet match"]
[Site "207.99.83.229"]
[Date "1999.06.06"]
[Round "?"]
[White "Hossa"]
[Black "PenalReform"]
[Result "1-0"]
[WhiteElo "2466"]
[BlackElo "2641"]
[PlyCount "151"]

1. e4 Nc6 2. Nf3 d6 3. Nc3 Nf6 4. Bb5 a6 5. Bxc6+ bxc6 6. O-O g6 7. e5 Nd5 8.
exd6 cxd6 9. Nxd5 cxd5 10. Nd4 Bg7 11. c3 O-O 12. Qb3 e6 13. f4 Qc7 14. d3 Rb8
15. Qa4 Bd7 16. Qa3 a5 17. Nb3 Qb6+ 18. Rf2 a4 19. Nd4 Bxd4 20. cxd4 Qxd4 21.
f5 Bb5 22. Bh6 Rfe8 23. fxg6 hxg6 24. Rd1 Rbc8 25. Qxd6 Bxd3 26. Qd7 Rf8 27.
Qe7 Qh8 28. Bxf8 Bf5 29. g4 Qh3 30. Qg5 Rc4 31. Rg2 Bxg4 32. Rg3 Qh5 33. Qf6
Kxf8 34. Rf1 Bf5 35. a3 Qh4 36. Qxh4 Rxh4 37. b4 axb3 38. Rxb3 d4 39. Rb7 Rg4+
40. Kf2 Rf4+ 41. Kg1 Rxf1+ 42. Kxf1 e5 43. a4 e4 44. a5 e3 45. Ke2 Bg4+ 46. Kd3
e2 47. Rb8+ Ke7 48. Kd2 d3 49. a6 Bf3 50. Rb3 Be4 51. a7 g5 52. Rxd3 Bb7 53.
Re3+ Kd7 54. Rxe2 f6 55. Kc3 Bc6 56. Rb2 Bh1 57. Rb8 Ke7 58. a8=Q Bxa8 59. Rxa8
f5 60. h4 gxh4 61. Rh8 Kf7 62. Rxh4 Kf6 63. Kd4 Kg5 64. Rh8 Kf6 65. Kd5 Kg7 66.
Rh4 Kf6 67. Rf4 Kg6 68. Ke5 Kg5 69. Rxf5+ Kg4 70. Kf6 Kg3 71. Kg5 Kh3 72. Kf4
Kg2 73. Kg4 Kh1 74. Kh3 Kg1 75. Kg3 Kh1 76. Rf1# {PenalReform checkmated} 1-0

[Event "ICS rated bullet match"]
[Site "207.99.83.229"]
[Date "1999.06.06"]
[Round "?"]
[White "PenalReform"]
[Black "Hossa"]
[Result "1-0"]
[WhiteElo "2632"]
[BlackElo "2488"]
[PlyCount "147"]

1. Nc3 Nf6 2. e4 e5 3. g3 Bb4 4. Bg2 O-O 5. Nge2 Nc6 6. O-O Ng4 7. Nd5 Bc5 8.
Nec3 d6 9. Nb5 Bb6 10. Nxb6 axb6 11. f3 Nf6 12. d4 Nxd4 13. Nxd4 exd4 14. Qxd4
Ra5 15. Bf4 Rh5 16. Rfd1 Qe7 17. a4 Re8 18. Qf2 Bd7 19. Rd4 Ra5 20. Qd2 Rh5 21.
Qe1 Bh3 22. Bh1 Rc5 23. Qd2 Qe6 24. Rd1 Qa2 25. Qc1 Rc4 26. Rxc4 Qxc4 27. b3
Qc5+ 28. Be3 Qh5 29. Bd4 Nd7 30. Qd2 Nc5 31. Be3 Re6 32. a5 b5 33. g4 Rg6 34.
Bg2 Rxg4 35. fxg4 Qxg4 36. Re1 Nxe4 37. Bb6 f5 38. Rxe4 fxe4 39. Bxc7 Bxg2 40.
Qxg2 Qd1+ 41. Qf1 Qd4+ 42. Kh1 Qc5 43. Bd8 Qxc2 44. Be7 h6 45. Bxd6 e3 46. Kg1
Qxb3 47. Qf8+ Kh7 48. Qf5+ Kg8 49. Qf3 Qb1+ 50. Kg2 Qa2+ 51. Kg3 Qe6 52. Bb4 e2
53. Be1 Qd6+ 54. Kg2 Qd1 55. Kf2 Qd6 56. Qg3 Qe7 57. Qb3+ Kh8 58. Qxb5 Qh4+ 59.
Kxe2 Qxh2+ 60. Bf2 Qc7 61. Qd5 g6 62. Bd4+ Kh7 63. Bb6 Qc2+ 64. Kf3 Qc3+ 65.
Be3 Qf6+ 66. Kg2 Qb2+ 67. Kg3 Qg7 68. Qe4 Qc7+ 69. Bf4 Qc3+ 70. Kg2 Qd3 71.
Qe7+ Kg8 72. Qe8+ Kg7 73. Be5+ Kh7 74. Qh8# {Hossa checkmated} 1-0

[Event "ICS rated bullet match"]
[Site "207.99.83.229"]
[Date "1999.06.06"]
[Round "?"]
[White "Hossa"]
[Black "PenalReform"]
[Result "0-1"]
[WhiteElo "2478"]
[BlackElo "2642"]
[PlyCount "90"]

1. e4 Nc6 2. Nf3 d6 3. Nc3 Nf6 4. Bb5 Bg4 5. d4 a6 6. Bxc6+ bxc6 7. O-O e6 8.
e5 Nd7 9. exd6 cxd6 10. Qd3 Bf5 11. Qc4 Bxc2 12. Qxc6 Qc8 13. d5 Qxc6 14. dxc6
Nf6 15. Bg5 Be7 16. Rac1 Bg6 17. Bxf6 Bxf6 18. Na4 Rc8 19. c7 O-O 20. Nb6 Bxb2
21. Nxc8 Rxc8 22. Rc6 Ba3 23. Rxa6 Bc5 24. Ra5 f6 25. Nh4 Be4 26. Re1 Bd5 27.
Rd1 Rxc7 28. a4 Kf7 29. Nf5 Bb3 30. Nxd6+ Bxd6 31. Rb1 Bc2 32. Rc1 Bf4 33. Rf1
Bd3 34. Rd1 Be2 35. Ra1 Kg6 36. g3 Be5 37. Ra3 Rc1+ 38. Kg2 Bf1+ 39. Kf3 Bd4
40. Ra2 Rc3+ 41. Kf4 e5+ 42. Kg4 h5+ 43. Kh4 Kh6 44. Rxe5 g5+ 45. Rxg5 45...
fxg5# {Hossa checkmated} 0-1

[Event "ICS rated bullet match"]
[Site "207.99.83.229"]
[Date "1999.06.06"]
[Round "?"]
[White "Hossa"]
[Black "EA6PZ"]
[Result "0-1"]
[WhiteElo "2478"]
[BlackElo "2412"]
[PlyCount "134"]

1. d4 d5 2. c4 e6 3. Nc3 c6 4. e4 dxe4 5. Nxe4 Bb4+ 6. Nc3 c5 7. Be3 Nf6 8. Qb3
cxd4 9. O-O-O Bc5 10. Nf3 Nc6 11. Qb5 Bd7 12. Qxc5 dxc3 13. bxc3 Ne4 14. Qa3
Qe7 15. Qxe7+ Nxe7 16. Bd4 Nf6 17. Bc5 Bc6 18. Ng5 h6 19. Nh3 b6 20. Bb4 Rc8
21. Kb1 Be4+ 22. Ka1 e5 23. f3 Bf5 24. g4 Be6 25. Bd6 e4 26. Be5 exf3 27. Nf2
Neg8 28. Rd3 Rxc4 29. Rxf3 Rc5 30. Re3 Ra5 31. c4 Ra4 32. Rg1 Kd7 33. g5 hxg5
34. Rxg5 g6 35. Rf3 Ke7 36. Rf4 Ra5 37. Bxf6+ Nxf6 38. Rxa5 bxa5 39. h4 Nh5 40.
Rd4 Ng7 41. Bd3 Bd7 42. a3 Ne6 43. Rg4 Nc5 44. Rg5 Nxd3 45. Nxd3 Bf5 46. Ne5
Rxh4 47. Rg3 Kf6 48. Re3 g5 49. Kb2 g4 50. Nc6 Rh3 51. Re1 g3 52. Nxa5 g2 53.
Rg1 Be4 54. Nb3 Rh1 55. Rxg2 Bxg2 56. Kc3 Ke5 57. Kb4 f5 58. Kb5 f4 59. Kc5 f3
60. Nd2 f2 61. Kb4 Rd1 62. Kc3 Rxd2 63. Kxd2 Kd4 64. a4 f1=Q 65. a5 Qf2+ 66.
Kd1 Kd3 67. Kc1 67... Qc2# {Hossa checkmated} 0-1

[Event "ICS rated bullet match"]
[Site "207.99.83.229"]
[Date "1999.06.06"]
[Round "?"]
[White "EA6PZ"]
[Black "Hossa"]
[Result "1-0"]
[WhiteElo "2431"]
[BlackElo "2459"]
[PlyCount "97"]

1. d4 Nf6 2. c4 g6 3. Nc3 Bg7 4. Nf3 O-O 5. g3 d5 6. cxd5 Nxd5 7. Bg2 Nc6 8.
O-O Bf5 9. Ng5 Nxc3 10. bxc3 Qd7 11. Qb3 Rab8 12. e4 Bg4 13. f3 h6 14. Nxf7 Be6
15. Nxh6+ Bxh6 16. d5 Bxc1 17. Rfxc1 Bxd5 18. exd5 Ne5 19. f4 Nd3 20. Rf1 Qd6
21. Qb5 Qc5+ 22. Qxc5 Nxc5 23. Rfe1 Kf7 24. Re3 Rbe8 25. Rae1 a5 26. Bf1 Kf6
27. Bb5 Rc8 28. Rxe7 c6 29. dxc6 bxc6 30. Bc4 Rcd8 31. g4 Rd6 32. R1e5 Ne6 33.
R7xe6+ Rxe6 34. Rxe6+ Kg7 35. Bd3 Rxf4 36. Rxg6+ Kf8 37. g5 Ra4 38. Bf5 Rxa2
39. Rf6+ Ke7 40. Rxc6 a4 41. g6 Re2 42. g7 Kf7 43. Rc7+ Kg8 44. Bd3 Re1+ 45.
Kf2 Re6 46. Bc4 Kh7 47. Bxe6 Kh6 48. g8=Q Kh5 49. Rh7# {Hossa checkmated} 1-0

[Event "ICS rated bullet match"]
[Site "207.99.83.229"]
[Date "1999.06.06"]
[Round "?"]
[White "Hossa"]
[Black "EA6PZ"]
[Result "1/2-1/2"]
[WhiteElo "2442"]
[BlackElo "2448"]
[PlyCount "117"]

1. d4 d5 2. c4 c6 3. Nf3 Nf6 4. Nc3 e6 5. Bg5 h6 6. Bxf6 Qxf6 7. a3 dxc4 8. Ne5
c5 9. Nxc4 cxd4 10. Nb5 Qd8 11. Qxd4 Qxd4 12. Nxd4 Bd7 13. g3 Bc5 14. Nb3 Be7
15. Nca5 Bc6 16. Nxc6 Nxc6 17. Bg2 Rc8 18. Rc1 Bf6 19. Rc2 O-O 20. Kd2 Rfd8+
21. Kc1 Nd4 22. Nxd4 Bxd4 23. e3 Be5 24. h4 Bf6 25. Rg1 Rxc2+ 26. Kxc2 b5 27.
Bb7 g5 28. f4 gxh4 29. gxh4+ Kf8 30. h5 a5 31. Rc1 Ke7 32. b4 axb4 33. axb4 e5
34. f5 Bg5 35. Re1 Rd6 36. Re2 Kf6 37. Be4 Ra6 38. Kb3 Rd6 39. Kc3 Rd1 40. Bd3
Rh1 41. Bxb5 Rxh5 42. Bc4 Rh3 43. Kd3 Kxf5 44. Bxf7 e4+ 45. Kd4 Bd8 46. Bg8
Bb6+ 47. Kd5 Rxe3 48. Bh7+ Kg5 49. Rxe3 Bxe3 50. Kxe4 Bf2 51. Bf5 h5 52. b5 Bb6
53. Bh3 Kh4 54. Be6 Kg3 55. Kd5 h4 56. Kc6 Bd4 57. b6 Bxb6 58. Kxb6 h3 59. Bxh3
{Game drawn because neither player has mating material} 1/2-1/2

[Event "ICS rated blitz match"]
[Site "207.99.83.229"]
[Date "1999.06.07"]
[Round "?"]
[White "ravingloony"]
[Black "Hossa"]
[Result "0-1"]
[WhiteElo "2512"]
[BlackElo "2684"]
[PlyCount "32"]

1. e4 Nc6 2. d4 e5 3. Nf3 exd4 4. Nxd4 Qh4 5. Nb5 Qxe4+ 6. Be2 Bb4+ 7. c3 Ba5
8. O-O Nf6 9. Bd3 Qg4 10. Re1+ Kf8 11. Qb3 a6 12. Nd4 Nxd4 13. Qa3+ d6 14. h3
Nf3+ 15. Kf1 Qh5 16. gxf3 16... Qxf3 {ravingloony resigns} 0-1

[Event "ICS rated bullet match"]
[Site "207.99.83.229"]
[Date "1999.06.07"]
[Round "?"]
[White "EA6PZ"]
[Black "Hossa"]
[Result "1-0"]
[WhiteElo "2448"]
[BlackElo "2442"]
[PlyCount "111"]

1. d4 Nf6 2. c4 g6 3. Nc3 Bg7 4. e4 d6 5. f3 O-O 6. Be3 e5 7. d5 Nh5 8. Qd2 f5
9. O-O-O Nd7 10. Bd3 Nc5 11. Bxc5 dxc5 12. g3 fxe4 13. fxe4 Qd6 14. Be2 Nf6 15.
h4 Ng4 16. Bxg4 Bxg4 17. Nge2 Qa6 18. b3 Rf2 19. Rdf1 Raf8 20. Rxf2 Rxf2 21.
Re1 Qf6 22. Qe3 b6 23. Kb1 Rf3 24. Qd2 a5 25. Nd1 Qe7 26. Rh1 Qd7 27. Ndc3 Rf2
28. Qe1 Qf7 29. Nf4 Rf3 30. Ng2 Bh6 31. Nd1 Rd3 32. Nf2 Rxg3 33. Nxg4 Rxg4 34.
Qe2 Rg3 35. Rf1 Qe7 36. Ka1 Bg7 37. Kb2 Qd7 38. Qf2 Rd3 39. Kc2 Rd4 40. Qf3 a4
41. Ne1 axb3+ 42. axb3 Qd8 43. Kc3 Kh8 44. Nc2 Qxh4 45. Qf7 h6 46. Qe8+ Kh7 47.
Rf7 Rxe4 48. Qd7 h5 49. Rxg7+ Kh6 50. Qf7 Qg3+ 51. Kb2 Rf4 52. Qe7 Rf6 53. Qxf6
h4 54. Rg8 Kh5 55. Ne3 Qg1 56. Rh8# {Hossa checkmated} 1-0

[Event "ICS rated bullet match"]
[Site "207.99.83.229"]
[Date "1999.06.07"]
[Round "?"]
[White "Hossa"]
[Black "SluMan"]
[Result "1-0"]
[WhiteElo "2426"]
[BlackElo "2223"]
[PlyCount "43"]

1. d4 e6 2. c4 c5 3. Be3 cxd4 4. Bxd4 Bb4+ 5. Nc3 Nf6 6. e4 Nc6 7. e5 Nxd4 8.
Qxd4 Ng8 9. O-O-O Bxc3 10. Qxc3 Ne7 11. Bd3 Qc7 12. Nf3 a6 13. Qc2 b6 14. Be4
Bb7 15. Bxb7 Qxb7 16. Kb1 Rc8 17. Qd3 b5 18. cxb5 axb5 19. Rhe1 O-O 20. Qxd7
Rc7 21. Qd3 Rfc8 22. Qd8+ {SluMan resigns} 1-0

[Event "ICS rated standard match"]
[Site "207.99.83.229"]
[Date "1999.06.07"]
[Round "?"]
[White "Hossa"]
[Black "Mofongo"]
[Result "0-1"]
[WhiteElo "2207"]
[BlackElo "2374"]
[PlyCount "137"]

1. d4 Nf6 2. c4 e6 3. Nf3 d5 4. Bg5 Be7 5. e3 Nbd7 6. Bd3 dxc4 7. Bxc4 h6 8.
Bxf6 Bxf6 9. O-O Nb6 10. Nbd2 Nxc4 11. Nxc4 Bd7 12. Qb3 Bc6 13. Nce5 Bxf3 14.
Nxf3 Qd5 15. Qc2 c6 16. e4 Qa5 17. Qb3 Qb6 18. Qc3 O-O-O 19. Rfd1 Rd7 20. a4 a5
21. Rab1 Rhd8 22. e5 Be7 23. Rbc1 Bg5 24. Rc2 Qb4 25. Qxb4 axb4 26. Ra1 f5 27.
a5 Kc7 28. a6 Ra8 29. a7 Be7 30. b3 g5 31. h3 g4 32. hxg4 fxg4 33. Nd2 Rxd4 34.
Kf1 Rd5 35. Ne4 Rxe5 36. Nd2 Rd5 37. Ne4 h5 38. Ke2 h4 39. Kf1 Kb6 40. Nd2 h3
41. Nc4+ Kc7 42. gxh3 gxh3 43. Kg1 Rd3 44. Rd2 Rxd2 45. Nxd2 Bf6 46. Ra2 Be5
47. Nf3 Bf4 48. Nd4 Kd7 49. Nf3 Kd6 50. Kh1 Kc7 51. Ng1 Be5 52. Nxh3 Bd4 53.
Ng5 e5 54. Ne6+ Kb6 55. Kg2 Bc3 56. Nf8 e4 57. Nd7+ Kb5 58. Kg3 Bd4 59. Re2
Rxa7 60. Rxe4 c5 61. Nxc5 Kxc5 62. Re1 Ra2 63. Rc1+ Kd5 64. Rd1 Rb2 65. Rd3 Ke4
66. Rd1 Bxf2+ 67. Kg4 Rxb3 68. Rd7 Rg3+ 69. Kh5 {Hossa resigns} 0-1

[Event "ICS rated bullet match"]
[Site "207.99.83.229"]
[Date "1999.06.07"]
[Round "?"]
[White "EA6PZ"]
[Black "Hossa"]
[Result "1-0"]
[WhiteElo "2464"]
[BlackElo "2434"]
[PlyCount "43"]

1. e4 Nc6 2. Nf3 d6 3. d4 f5 4. Nc3 fxe4 5. Nxe4 d5 6. Nc3 Nf6 7. Ne5 Qd6 8.
Nb5 Qd8 9. Bf4 Nxe5 10. Bxe5 Kf7 11. Nxc7 Rb8 12. Nxd5 Ra8 13. Nc7 Rb8 14. Bc4+
Kg6 15. h4 Bf5 16. h5+ Kh6 17. Bf4+ g5 18. Bxg5+ Kg7 19. Bh6+ Kxh6 20. Qd2+ Kg7
21. Qg5+ Bg6 22. h6# {Hossa checkmated} 1-0

[Event "ICS Rated standard match"]
[Site "207.99.83.229"]
[Date "1999.06.07"]
[Round "?"]
[White "Hossa"]
[Black "Amateur"]
[Result "0-1"]
[WhiteElo "2198"]
[BlackElo "2449"]
[PlyCount "155"]

1. e4 Nf6 2. Nc3 d5 3. exd5 Nxd5 4. Nf3 Nxc3 5. bxc3 Nd7 6. d4 e6 7. Bd3 Be7 8.
O-O O-O 9. c4 Nf6 10. c3 b6 11. Ne5 Bb7 12. Re1 Qd6 13. Bg5 h6 14. Bf4 Qa3 15.
Qb3 Rfd8 16. Re2 Qxb3 17. axb3 c5 18. Rd1 Nh5 19. Bc1 Nf6 20. Bb2 Rac8 21. f4
Nh5 22. Rf1 Bd6 23. f5 Rf8 24. g4 Nf6 25. fxe6 fxe6 26. Ng6 Rfe8 27. Bc1 Nh7
28. Rfe1 cxd4 29. cxd4 Bb4 30. Rf1 Bc3 31. d5 Rcd8 32. Nf4 Nf8 33. Bd2 Bd4+ 34.
Be3 Bc3 35. Bf2 exd5 36. Nxd5 Rxe2 37. Bxe2 Be5 38. Bf3 Rd7 39. Re1 Bd6 40. Ra1
Bc8 41. Be4 Rf7 42. h3 h5 43. gxh5 Bxh3 44. Ne3 Be5 45. Ra2 Ne6 46. b4 Kh8 47.
Nd5 Nd4 48. Bg6 Rd7 49. Be3 Be6 50. Rf2 Kg8 51. Be8 Rb7 52. Kg2 a5 53. Bf4 Bb8
54. bxa5 bxa5 55. Bxb8 Rxb8 56. Ne7+ Kh7 57. Bg6+ Kh6 58. Rd2 Rd8 59. c5 Kg5
60. Be4 Bg4 61. Kf2 Kxh5 62. Ng6 Kg5 63. Bb1 Bf5 64. Bxf5 Kxf5 65. Ke3 Kxg6 66.
Rxd4 Rxd4 67. Kxd4 Kf7 68. Kc4 Ke8 69. c6 g5 70. Kb5 Kd8 71. Ka4 Kc7 72. Kxa5
g4 73. Kb5 g3 74. Kc5 g2 75. Kd5 g1=Q 76. Ke4 Kxc6 77. Kf4 Qd4+ 78. Kg3 {
Hossa resigns} 0-1

[Event "ICS rated bullet match"]
[Site "207.99.83.229"]
[Date "1999.06.07"]
[Round "?"]
[White "Hossa"]
[Black "PenalReform"]
[Result "1-0"]
[WhiteElo "2419"]
[BlackElo "2641"]
[PlyCount "91"]

1. d4 Nc6 2. e3 e5 3. d5 Nce7 4. Nc3 Ng6 5. Nf3 Bb4 6. Bd2 Nf6 7. Bd3 Qe7 8. e4
O-O 9. O-O Nf4 10. Bxf4 exf4 11. Qd2 Bd6 12. Rae1 Ng4 13. Nb5 Ne5 14. Nfd4 Nxd3
15. Nf5 Qg5 16. cxd3 Be5 17. d4 a6 18. dxe5 axb5 19. h4 Qd8 20. a3 f3 21. d6
fxg2 22. Kxg2 cxd6 23. exd6 Qf6 24. Kh1 Re8 25. Rg1 g6 26. Re2 Re6 27. Qf4 Kh8
28. Qh6 Re8 29. Rg5 Rg8 30. Rh5 Rg7 31. e5 Qxf5 32. Rxf5 gxf5 33. f4 b6 34. Rg2
Rxg2 35. Kxg2 Bb7+ 36. Kh2 Bc6 37. Qf6+ Kg8 38. h5 h6 39. Qxh6 Rc8 40. Qg5+ Kh7
41. Qxf5+ Kg8 42. h6 Be4 43. Qg5+ Bg6 44. Qf6 Rc2+ 45. Kg3 Rg2+ 46. Kxg2 {
PenalReform resigns} 1-0

[Event "ICS rated bullet match"]
[Site "207.99.83.229"]
[Date "1999.06.07"]
[Round "?"]
[White "SirPawn"]
[Black "Hossa"]
[Result "0-1"]
[WhiteElo "2174"]
[BlackElo "2444"]
[PlyCount "90"]

1. d4 Nf6 2. Nf3 g6 3. Bg5 Bg7 4. Bxf6 Bxf6 5. e3 O-O 6. Bc4 d5 7. Bb3 Bf5 8.
c4 dxc4 9. Bxc4 c5 10. Nc3 cxd4 11. Nxd4 Bxd4 12. Qxd4 Qxd4 13. exd4 Nc6 14. d5
Ne5 15. Bb3 Nd3+ 16. Kd2 Rad8 17. g4 Nxf2 18. Rhf1 Nxg4 19. h3 Nf6 20. h4 Be6
21. Ke3 Nxd5+ 22. Nxd5 Bxd5 23. Bxd5 Rxd5 24. Rf2 Rf5 25. Raf1 Rxf2 26. Rxf2
Kg7 27. Ke4 a5 28. Kd4 Rc8 29. b3 h6 30. Kd5 h5 31. Kd4 Rc6 32. a4 Rf6 33. Rf3
Rxf3 34. Kc5 Rxb3 35. Kd5 Kf6 36. Kc5 Rb4 37. Kd5 Rxh4 38. Kc5 Rxa4 39. Kb5 Ra3
40. Kb6 h4 41. Kxb7 h3 42. Kc6 Ke6 43. Kc7 h2 44. Kd8 Rc3 45. Ke8 45... Rc8# {
SirPawn checkmated} 0-1

[Event "ICS rated standard match"]
[Site "207.99.83.229"]
[Date "1999.06.07"]
[Round "?"]
[White "Amateur"]
[Black "Hossa"]
[Result "1/2-1/2"]
[WhiteElo "2455"]
[BlackElo "2192"]
[PlyCount "184"]

1. c4 Nf6 2. Nc3 e5 3. Nf3 Nc6 4. g3 Bb4 5. Nd5 e4 6. Nxb4 Nxb4 7. Nh4 Qe7 8.
Nf5 Qc5 9. Ne3 d6 10. Qb3 Nc6 11. Bg2 O-O 12. d3 Nd4 13. Qc3 exd3 14. Qxd3 Ng4
15. Bd2 Rb8 16. b4 Qb6 17. Be4 Ne5 18. Bxh7+ Kh8 19. Qe4 f5 20. c5 fxe4 21.
cxb6 Kxh7 22. bxc7 Ra8 23. Rc1 Rf7 24. Nd5 Bg4 25. Be3 Nxe2 26. c8=Q Nd3+ 27.
Kd2 Bxc8 28. Kxe2 Be6 29. Nc7 Bg4+ 30. Kd2 Rc8 31. Nb5 Rxc1 32. Rxc1 Nxc1 33.
Kxc1 Rd7 34. Bxa7 Be2 35. Nc3 Bf3 36. Kd2 Kg6 37. Ke3 Kf5 38. h3 d5 39. Kd4 Kf6
40. Bb8 Kf7 41. Bf4 Bg2 42. h4 g6 43. a3 Bf3 44. Na4 Rd8 45. Nb6 Ke6 46. Bc7
Rd7 47. Nxd7 Kxd7 48. Bb8 Ke6 49. Kc5 Bg2 50. Bf4 Bh1 51. Be3 Bf3 52. a4 Bd1
53. a5 Kd7 54. Kxd5 Bf3 55. Ke5 Ke7 56. Bc5+ Kf7 57. b5 Bg4 58. a6 bxa6 59.
bxa6 Bc8 60. a7 Bb7 61. Kd6 Kf6 62. g4 Kf7 63. Kc7 Bd5 64. Kb8 Kf6 65. Be3 Ke6
66. Bg5 Bc6 67. h5 gxh5 68. gxh5 Kf5 69. Be7 Ke6 70. h6 Kf7 71. Bd6 Kg6 72. Bf4
Kh7 73. Bd2 Kg6 74. Kc7 Ba8 75. Be3 Bd5 76. Bg5 Kf7 77. Kc8 Kg6 78. Kb8 Bc6 79.
Be3 Bd5 80. Bd2 Bc6 81. Bc1 Kh7 82. Bf4 Bd5 83. Kc7 Kg6 84. Be3 Kf6 85. Bf4 Kg6
86. Bd2 Ba8 87. Kc8 Bd5 88. Be3 Ba8 89. Kb8 Bd5 90. Bg5 Bc6 91. Kc7 Ba8 92. Kb8
92... Bc6 {Game drawn by repetition} 1/2-1/2

[Event "ICS Rated standard match"]
[Site "207.99.83.229"]
[Date "1999.06.07"]
[Round "?"]
[White "Hossa"]
[Black "Amateur"]
[Result "1/2-1/2"]
[WhiteElo "2202"]
[BlackElo "2445"]
[PlyCount "147"]

1. d4 Nf6 2. c4 e6 3. Nf3 d5 4. e3 Nc6 5. cxd5 exd5 6. Bb5 Bd7 7. O-O Bd6 8.
Nc3 O-O 9. Bd2 Qe7 10. Be2 Qe6 11. Nb5 Ne4 12. Rc1 Rfe8 13. Qb3 a6 14. Nxd6
Qxd6 15. Bd3 Nxd2 16. Nxd2 b6 17. a3 Re6 18. Nf3 Rh6 19. Qc2 a5 20. Rfe1 Re8
21. Red1 Qf6 22. Bb5 Qe6 23. Bxc6 Qxc6 24. Qxc6 Bxc6 25. Rd2 Bb7 26. Rxc7 Rc6
27. Rxc6 Bxc6 28. Rc2 Rc8 29. e4 dxe4 30. Ne5 Bd7 31. Rxc8+ Bxc8 32. Nc4 b5 33.
Nxa5 Kf8 34. Nb3 Ke7 35. Nc5 f5 36. a4 bxa4 37. Nxa4 Be6 38. Nc5 Kd6 39. Nxe6
Kxe6 40. b4 Kd6 41. g3 g5 42. Kf1 Kc6 43. Ke1 Kc7 44. Kd2 f4 45. g4 Kc6 46. Kd1
Kc7 47. Ke1 Kc6 48. Ke2 Kc7 49. Kd1 Kc6 50. Kd2 Kc7 51. Ke2 Kc6 52. Kf1 Kc7 53.
h3 Kc6 54. Ke2 Kc7 55. Ke1 Kc6 56. Kf1 Kc7 57. Ke2 Kc6 58. Ke1 Kc7 59. Kd2 Kc6
60. Kc2 Kc7 61. Kd1 Kc6 62. Kd2 Kc7 63. Kc2 Kc6 64. Kd1 Kc7 65. f3 e3 66. Ke2
Kc6 67. Ke1 Kc7 68. Kd1 Kc6 69. Ke2 Kc7 70. Kd3 Kc6 71. Ke2 Kc7 72. Kd3 Kc6 73.
Ke2 Kc7 74. Kd3 {Game drawn by repetition} 1/2-1/2

[Event "ICS Rated standard match"]
[Site "207.99.83.229"]
[Date "1999.06.07"]
[Round "?"]
[White "krisantetno"]
[Black "Hossa"]
[Result "0-1"]
[WhiteElo "1963"]
[BlackElo "2212"]
[PlyCount "75"]

1. Nf3 Nf6 2. c4 g6 3. d4 Bg7 4. Nc3 d5 5. Qc2 dxc4 6. e4 Bg4 7. Be3 Bxf3 8.
gxf3 Nc6 9. Rd1 Na5 10. Qa4+ c6 11. d5 Qc7 12. dxc6 Nxc6 13. Nd5 Nxd5 14. exd5
Qa5+ 15. Qxa5 Nxa5 16. Bd4 Bxd4 17. Rxd4 b5 18. h4 h5 19. f4 Rd8 20. Bg2 Nb7
21. O-O Nd6 22. Re1 Nf5 23. Rde4 Kf8 24. b3 c3 25. Rc1 Rxd5 26. Rxc3 Rd1+ 27.
Kh2 Rd2 28. a4 Nxh4 29. Rc8+ Kg7 30. Rxh8 Kxh8 31. Kg3 Nf5+ 32. Kf3 Rd3+ 33.
Ke2 Rxb3 34. axb5 Rxb5 35. Ra4 a5 36. Bc6 Rb4 37. Rxa5 Nd4+ 38. Kd3 {
krisantetno resigns} 0-1

[Event "ICS Rated standard match"]
[Site "207.99.83.229"]
[Date "1999.06.07"]
[Round "?"]
[White "Amateur"]
[Black "Hossa"]
[Result "1-0"]
[WhiteElo "2435"]
[BlackElo "2219"]
[PlyCount "102"]

1. g3 d5 2. Bg2 c6 3. d3 e5 4. Nf3 Bd6 5. O-O Nf6 6. Bg5 Nbd7 7. c4 Qb6 8. Qc2
O-O 9. cxd5 cxd5 10. Nc3 d4 11. Na4 Qb5 12. Rac1 Qd5 13. a3 Ng4 14. h3 Ngf6 15.
Nxd4 e4 16. Be3 exd3 17. Qxd3 Ne5 18. Qc3 Ne4 19. Qe1 f5 20. f3 Nxg3 21. f4 Ne4
22. Nc3 Qa5 23. Nxe4 Qxe1 24. Rcxe1 fxe4 25. fxe5 Rxf1+ 26. Rxf1 Bxe5 27. h4
Bg4 28. Bxe4 Rd8 29. Nf3 Bxb2 30. Bxa7 Bxa3 31. Rb1 Re8 32. Bd5+ Kf8 33. Rxb7
Rxe2 34. Bd4 h5 35. Bxg7+ Ke8 36. Ne5 Rd2 37. Bc6+ Kd8 38. Nxg4 hxg4 39. Bf6+
Kc8 40. Rg7 Bf8 41. Rg8 Kc7 42. Ba4 Bc5+ 43. Kh1 Bd4 44. Rd8 Bxf6 45. Rxd2 Bxh4
46. Bb3 Be1 47. Re2 Bb4 48. Re4 Ba3 49. Rxg4 Kd6 50. Kg2 Bb2 51. Kf3 51... Ke5
{Hossa resigns} 1-0

[Event "ICS rated bullet match"]
[Site "207.99.83.229"]
[Date "1999.06.07"]
[Round "?"]
[White "Hossa"]
[Black "JSBach"]
[Result "1-0"]
[WhiteElo "2444"]
[BlackElo "2107"]
[PlyCount "77"]

1. d4 d5 2. c4 dxc4 3. Nf3 Nc6 4. d5 Na5 5. Qa4+ c6 6. Bd2 Qb6 7. Qxa5 Qxb2 8.
Qc3 Qxc3 9. Nxc3 cxd5 10. Nxd5 Rb8 11. Bf4 e5 12. Bxe5 Ne7 13. Nxe7 Ra8 14. Nd5
Kd8 15. Ng5 Be6 16. Nc7 Bb4+ 17. Kd1 Kd7 18. Rb1 Bc3 19. Nxa8 Bxe5 20. Rxb7+
Kc6 21. Rxa7 Rd8+ 22. Kc2 Rb8 23. Nxe6 Rb2+ 24. Kc1 fxe6 25. f4 Bc3 26. e4 Rb4
27. Rc7+ Kb5 28. Kc2 Bd4 29. Rxc4 Rxc4+ 30. Kb3 Kc5 31. Bxc4 Kd6 32. e5+ Kc6
33. Bxe6 Be3 34. g3 Bd4 35. Rd1 Bc5 36. Rd7 Be3 37. Kc4 Bb6 38. Rxg7 h6 39.
Bd5# {JSBach checkmated} 1-0

[Event "ICS rated standard match"]
[Site "207.99.83.229"]
[Date "1999.06.07"]
[Round "?"]
[White "Hossa"]
[Black "Mefisto5000"]
[Result "1-0"]
[WhiteElo "2221"]
[BlackElo "1891"]
[Annotator "Fritz 5.32 (30s)"]
[PlyCount "34"]

1. d4 1... Nf6 {Opening = E10 - 3.Nf3 ---} 2. c4 e6 3. Nf3 g6 4. Nc3 4... d5
$146 (4... Bg7 5. e4 (5. e3 O-O 6. Be2 b6 7. O-O Bb7 8. b3 d6 9. Bb2 Nbd7 10.
Qc2 Rc8 11. Rad1 Re8 12. e4 e5 13. dxe5 Nxe5 14. Nxe5 Rxe5 15. Bf3 Nd7 16. Ne2
Re8 17. Bxg7 Kxg7 18. Qc3+ Kg8 19. Ng3 19... Qg5 {
Hahner,A-Neuenschwander,A/Wildbad 1993/1-0 (37)}) 5... d6 6. g3 O-O 7. Bg2 Nbd7
8. O-O Rb8 9. h3 b6 10. Be3 Bb7 11. Qc2 Ba6 12. Nd2 c5 13. a4 Qc7 14. d5 exd5
15. exd5 Rbe8 16. Nb5 Qb8 17. Rfe1 Re7 18. Bf4 Ne5 19. Bxe5 {
Merqui,Y-Chudleigh,N/Luzern olm 1982/ - (30)}) 5. Bg5 Bg7 6. e4 dxe4 7. Nxe4 h6
8. Nxf6+ Bxf6 9. Bxf6 Qxf6 10. Be2 c5 11. O-O O-O 12. Qd2 Kg7 (12... cxd4 13.
Rfe1 $11 (13. Nxd4 $2 13... Rd8 $19)) 13. dxc5 Rd8 14. Qb4 14... Na6 $16 (14...
Nc6 15. Qc3 $14) 15. Qb5 $14 (15. Qa3 $5 $16) 15... Nc7 $16 (15... Bd7 $5 16.
Qxb7 16... Nxc5 $14) 16. Qa5 Qe7 17. Rad1 17... Bd7 $4 $18 {
vergroessert seine Probleme} (17... Rxd1 $142 18. Rxd1 18... Na6 $16) 1-0

[Event "ICS Rated bullet match"]
[Site "207.99.83.229"]
[Date "1999.06.07"]
[Round "?"]
[White "EA6PZ"]
[Black "Hossa"]
[Result "1-0"]
[WhiteElo "2479"]
[BlackElo "2448"]
[PlyCount "115"]

1. d4 Nf6 2. c4 e6 3. Nf3 d5 4. Nc3 c6 5. e3 Nbd7 6. Bd3 dxc4 7. Bxc4 b5 8. Bd3
a6 9. e4 c5 10. e5 cxd4 11. Nxb5 Ng4 12. Nbxd4 Bb4+ 13. Bd2 Bxd2+ 14. Qxd2 Bb7
15. Be2 Ndxe5 16. h3 Bxf3 17. Bxf3 Nxf3+ 18. Nxf3 Qxd2+ 19. Nxd2 Ne5 20. Ke2
Rd8 21. Rhd1 Rd5 22. Nf3 Nc4 23. Rxd5 exd5 24. b3 Nb6 25. Kd3 Ke7 26. Rc1 Rc8
27. Rxc8 Nxc8 28. Kd4 Kd6 29. Ng5 f6 30. Nxh7 Ne7 31. Nf8 Nf5+ 32. Kd3 Nh4 33.
g3 Nf3 34. Ng6 Ne5+ 35. Nxe5 fxe5 36. b4 Kc6 37. f4 e4+ 38. Kd4 Kb5 39. f5 Kxb4
40. f6 gxf6 41. h4 e3 42. Kd3 e2 43. Kxe2 Kc3 44. Kd1 f5 45. h5 Kd4 46. h6 Ke3
47. h7 Kf3 48. h8=Q Kxg3 49. Qg8+ Kf4 50. Qxd5 Kg5 51. Qa5 Kg4 52. Qxa6 Kg5 53.
Qd6 Kh5 54. Ke2 f4 55. Kf3 Kg5 56. Qe6 Kh5 57. Kxf4 Kh4 58. Qh6# {
Hossa checkmated} 1-0

[Event "ICS rated bullet match"]
[Site "207.99.83.229"]
[Date "1999.06.07"]
[Round "?"]
[White "Hossa"]
[Black "EA6PZ"]
[Result "0-1"]
[WhiteElo "2433"]
[BlackElo "2494"]
[PlyCount "90"]

1. d4 d5 2. c4 e6 3. Nc3 Nf6 4. Bg5 Be7 5. e3 Nbd7 6. Nf3 O-O 7. Be2 h6 8. Bxf6
Nxf6 9. O-O dxc4 10. Bxc4 c5 11. Rc1 cxd4 12. exd4 Qd6 13. Ne5 a6 14. Qd3 b5
15. Bb3 Bb7 16. Qe3 Rac8 17. Rfe1 b4 18. Ne2 Rfd8 19. Qf4 Qb6 20. Rc4 Rxc4 21.
Bxc4 Bd6 22. Rc1 Rc8 23. Ng3 Qc6 24. f3 Qc7 25. Ne2 Qb6 26. Rc2 Bd5 27. b3 a5
28. Qe3 a4 29. Nf4 axb3 30. axb3 Qa7 31. Rc1 Qa3 32. Qe1 Qb2 33. Qe3 Ra8 34.
Nfd3 Qa2 35. Nc5 Bxc4 36. bxc4 Bxc5 37. dxc5 b3 38. Rd1 b2 39. Qe1 Qb3 40. Rb1
Qc2 41. Ng4 Nxg4 42. h3 Ne3 43. Rxb2 Qxb2 44. Qg3 Ra1+ 45. Qe1 45... Qxg2# {
Hossa checkmated} 0-1